| 000 | 00486nam a2200169Ia 4500 | ||
|---|---|---|---|
| 008 | 230718s9999 xx 000 0 und d | ||
| 020 | _a9789350233023 | ||
| 041 | _aeng | ||
| 082 |
_a006.76 _bWIL |
||
| 100 |
_aWilliams M.J. _9176159 |
||
| 245 |
_aFacebook Graph API Development With Flash _bBeginner's Guide |
||
| 260 |
_c2011 _bPackt Pub. |
||
| 300 | _a305 | ||
| 365 |
_cRs. _b325.00 |
||
| 700 |
_aWilliams M.J. _9176159 |
||
| 906 |
_dO:0166722-Mar-2011B:745118-Mar-2011 _cCOMP _b81.25 |
||
| 999 |
_c327553 _d327553 |
||